Capitale d’Europe sur une carte - Statistiques

Statistiques générales
  • Ce quiz a été pris 314 fois
  • Le résultat moyen est 34 sur 45
Réponses sur la Carte
Les réponses sont colorées sur une échelle allant du rouge au vert en fonction du pourcentage des utilisateurs qui les ont devinées à leur premier essai. Vous pouvez retrouver ces pourcentages ci-dessous.
 
Statistiques - réponses
Réponse % Correct
Paris
99%
Madrid
98%
Londres
97%
Lisbonne
96%
Bruxelles
95%
Rome
95%
Berlin
94%
Monaco
94%
Moscou
94%
Amsterdam
93%
Dublin
93%
Luxembourg
92%
Athènes
91%
Vatican
91%
Berne
90%
Oslo
90%
Kiev
88%
Helsinki
84%
Bucarest
83%
Varsovie
83%
Budapest
82%
Stockholm
82%
Saint-Marin
81%
Vienne
81%
Andorre-la-Vieille
80%
Copenhague
80%
Prague
77%
Zagreb
74%
Reykjavik
73%
La Valette
72%
Sofia
70%
Minsk
65%
Riga
64%
Tallinn
63%
Vilnius
59%
Sarajevo
57%
Tirana
56%
Belgrade
55%
Ljubljana
55%
Vaduz
55%
Bratislava
54%
Skopje
46%
Chișinău
41%
Pristina
37%
Podgorica
35%
Aucun quiz correspondant
Distribution des résultats
% des personnes avec chaque résultat
Percentile par nombre de réponses
Votre historique - résultats
Vous n’avez pas pris ce quiz